| Поле | Инд. | ПП | Название | Значение |
|---|---|---|---|---|
| Тип записи | a | |||
| Библиографический уровень | m | |||
| 001 | Контрольный номер | 096ab658-d20d-49f0-9335-df9c0af112fd | ||
| 005 | Дата корректировки | 20140226155532.3 | ||
| 008 | Кодируемые данные | 010202 d | ||
| 020 | a | ISBN | 5-03-000991-4 | |
| c | Цена, тираж | 1.50 | ||
| 040 | a | Служба первич. каталог. | RU-RKP | |
| 040 | a | Служба первич. каталог. | НБ ТвГУ | |
| 041 | a | Код языка текста | rus | |
| 080 | a | Индекс УДК | 510.51 | |
| 084 | a | Индекс другой классификации/Индекс ББК | В127 | |
| a | Индекс другой классификации/Индекс ББК | В182 | ||
| 090 | x | Авторский знак | Т65 | |
| a | Полочн. индекс | В127 | ||
| 092 | a | 27.03 | ||
| 100 | 1_ | a | Автор | Трауб Джо Фред |
| 245 | 00 | a | Заглавие | Информация, неопределенность, сложность |
| c | Ответственность | Дж. Трауб, Г. Васильковский, Х. Вожьняковский; Пер. с англ. О. Р. Чуян; Под ред. А. Г. Сухарева | ||
| 260 | 0_ | a | Место издания | Москва |
| b | Издательство | Мир | ||
| c | Дата издания | 1988 | ||
| 300 | a | Объем | 183 с. | |
| b | Иллюстрации/ тип воспроизводства | ил. | ||
| c | Размеры | 22 см | ||
| 500 | a | Примечание | Перед вып. дан. 1-й авт.: Джозеф Фредрик Трауб. - Перевод изд.: Information, uncertainty, complexity / Joseph Frederick Traub, G. W. Wasilkowski, Henryk Wozniakowski (London etc.). | |
| 504 | a | Библиография | Библиогр.: с. 173-175. - Указ. имен. и предм.: с. 176-181. | |
| 650 | a | Основная рубрика | Алгоритмы | |
| 650 | a | Основная рубрика | Приближений теория | |
| 700 | 1_ | a | Другие авторы | Васильковский Г. В. |
| e | Роль лиц | авт. | ||
| 700 | 1_ | a | Другие авторы | Вожьняковский Хенрик |
| e | Роль лиц | авт. | ||
| 700 | 1_ | a | Другие авторы | Сухарев А. Г. |
| e | Роль лиц | ред. | ||
| 700 | 1_ | a | Другие авторы | Чуян О. Р. |
| e | Роль лиц | пер. | ||
| 852 | t | Порядковый номер экземпляра | 1 | |
| p | Инвентарный номер | 599102 | ||
| 863 | t | 00029944 | ||
| 999 | a | Подразделение 2 | Фил3 |